Saint commander lioness mai bhago (Record no. 1309759)
[ view plain ]
| 000 -LEADER | |
|---|---|
| fixed length control field | 00682nam a22002177a 4500 |
| 005 - DATE AND TIME OF LATEST TRANSACTION | |
| control field | 20250429152436.0 |
| 008 - FIXED-LENGTH DATA ELEMENTS--GENERAL INFORMATION | |
| fixed length control field | 250429b |||||||| |||| 00| 0 eng d |
| 037 ## - SOURCE OF ACQUISITION | |
| Terms of availability | TB |
| 040 ## - CATALOGING SOURCE | |
| Original cataloging agency | CRL |
| Transcribing agency | CRL |
| 041 ## - LANGUAGE CODE | |
| Source of code | pun |
| Language code of text/sound track or separate title | pun |
| 084 ## - COLON CLASSIFICATION NUMBER | |
| Classification number | Q8441(Y15)xK66 R3 |
| Assigning agency | CRL |
| 100 ## - MAIN ENTRY--PERSONAL NAME | |
| Personal name | Saini, Gurbux Singh |
| 9 (RLIN) | 753444 |
| 245 ## - TITLE STATEMENT | |
| Title | Saint commander lioness mai bhago |
| 260 ## - PUBLICATION, DISTRIBUTION, ETC. | |
| Place of publication, distribution, etc. | Amritsar, India: |
| Name of publisher, distributor, etc. | Singh Brothers, |
| Date of publication, distribution, etc. | 2023. |
| 300 ## - PHYSICAL DESCRIPTION | |
| Extent | 95p. |
| 365 ## - TRADE PRICE | |
| Price amount | 295.00 |
| Currency code | INR |
| 650 ## - SUBJECT ADDED ENTRY--TOPICAL TERM | |
| Topical term or geographic name entry element | Sikhism |
| 650 ## - SUBJECT ADDED ENTRY--TOPICAL TERM | |
| Topical term or geographic name entry element | women-Mai Bhago |
| 9 (RLIN) | 753445 |
| 942 ## - ADDED ENTRY ELEMENTS (KOHA) | |
| Source of classification or shelving scheme | Colon Classification (CC) |
| Koha item type | Textbook |
| Classification part | Q8441(Y15)xK66 R3 |
| Suppress in OPAC | No |
| Withdrawn status | Lost status | Source of classification or shelving scheme | Damaged status | Not for loan | Home library | Current library | Date acquired | Source of acquisition | Cost, normal purchase price | Inventory number | Total Checkouts | Full call number | Barcode | Date last seen | Price effective from | Koha item type |
|---|---|---|---|---|---|---|---|---|---|---|---|---|---|---|---|---|
| Colon Classification (CC) | Central Library | Central Library | 2025-04-29 | H.K. Prakashan | 295.00 | 1694 & 27/01/2025 | Q8441(Y15)xK66 R3 | CL1682788 | 2025-04-29 | 2025-04-29 | Textbook |
